| 000 | 00451 a2200109 4500 | ||
|---|---|---|---|
| 001 | ART_40038 | ||
| 005 | 20260410161842.0 | ||
| 008 | 260409a | ||
| 245 | 1 | 0 | _aLos alcances subjetivos y objetivos de la sentencia anulatoria de un acto de alcance general a la luz de los nuevos derechos y garantías de la Constitución Nacional |
| 100 | 1 | _aGarcía Pullés, Fernando Raúl | |
| 773 | 0 |
_tRAP _g- Año 23, Nº 272 (may. 2001) _wREV5941 |
|
| 999 |
_c24157 _d24157 |
||